01205naa#a2200193#i#4500001001600000005001700016011001400033100004100047102000700088200037000095210011900465215001000584608004500594675019000639700005200829700005200881700005400933856002400987RU\\bibl\12074320260602143614.2##a2687-0185##a20251202b2025####ek#y0rusy0150####ca##aRU1#aПРОФИЛАКТИЧЕСКИЕ МЕРЫ, ПРИМЕНЯЕМЫЕ ОРГАНАМИ ВНУТРЕННИХ ДЕЛ ДЛЯ ЗАЩИТЫ ОТ ОБЩЕСТВЕННО-ОПАСНЫХ ДЕЯНИЙ В ИНФОРМАЦИОННО-ТЕЛЕКОММУНИКАЦИОННОЙ СЕТИ «ИНТЕРНЕТ» В СОВРЕМЕННЫХ УСЛОВИЯХeЖурнальная статья1#aМоскваcМосковский университет МВД России имени В.Я. Кикотяd2025##a2 с.##aЖурнальная статья2local##aПраво. Юридические науки. 34aГосударственное право. Конституционное право. Административное право. 342#1aПалийgВиталий Михайлович#1aФедороваgИнна Викторовна#1aЕгороваgВалерия Сергеевна4#amosumvd.editorum.ru